Hooper and others v Gorvin (Record no. 65909)

MARC details
000 -LEADER
fixed length control field 00819cam a2200193 4500
001 - CONTROL NUMBER
control field WB3704-18
008 - FIXED-LENGTH DATA ELEMENTS--GENERAL INFORMATION
fixed length control field 000000n2001 000 0 eng u
035 ## - SYSTEM CONTROL NUMBER
System control number (Sirsi) u110569
245 ## - TITLE STATEMENT
Title Hooper and others v Gorvin
260 ## - PUBLICATION, DISTRIBUTION, ETC.
Date of publication, distribution, etc. 2001
490 ## - SERIES STATEMENT
Series statement Estates Gazette Case Summaries
Volume/sequential designation [2001] EGCS 1 (20/01/01)
520 ## - SUMMARY, ETC.
Summary, etc. CD 7 December 2000. Case involving the role of fiduciary. Lessees of different units on industrial estate learnt that freehold was up for sale. H authorised G to negotiate with freeholder on their behalf. H bought the freehold on his own account: H alleged that the freehold was held by G on trust. Claim allowed.
590 ## - LOCAL NOTE (RLIN)
Local note WB
650 ## - SUBJECT ADDED ENTRY--TOPICAL TERM
Topical term or geographic name entry element FIDUCIARY DUTIES
650 ## - SUBJECT ADDED ENTRY--TOPICAL TERM
Topical term or geographic name entry element FREEHOLD
650 ## - SUBJECT ADDED ENTRY--TOPICAL TERM
Topical term or geographic name entry element HOOPER AND OTHERS V GORVIN
690 ## - LOCAL SUBJECT ADDED ENTRY--TOPICAL TERM (OCLC, RLIN)
Topical term or geographic name as entry element LANDLORD AND TENANT-LEASES-CASE LAW
942 ## - ADDED ENTRY ELEMENTS (KOHA)
Suppress in OPAC 0
Holdings
Withdrawn status Lost status Source of classification or shelving scheme Damaged status Not for loan Home library Current library Shelving location Date acquired Total Checkouts Full call number Barcode Date last seen Copy number Price effective from Koha item type
    Dewey Decimal Classification     London London News article 25/01/2001   WB3704-18 110569-1001 06/08/2019 1 06/08/2019 News article